000 00656nam a2200229Ia 4500
003 OSt
005 20220928120806.0
006 a|||||r|||| 00| 0
007 ta
008 220927b |||||||| |||| 00| 0 eng d
024 _a35694
037 _cReference Collections
040 _aSDCL
_cSDCL
_beng
041 _2eng
_aeng
082 _aWk1,P01, P0 RR
100 _aHawley John C Ed.
_9451162
245 0 _aEncyclopedia of postcolonial studies.
260 _aConnecticut
_bGreenwood Press
_c2000
300 _axii,510p
_ccm.
942 _hWk1,P01, P0 RR
_cREF
_2CC
999 _c765261
_d765261